|
|
|
|
| LEADER |
04508nam a2200613 4500 |
| 001 |
978-3-540-30206-3 |
| 003 |
DE-He213 |
| 005 |
20191026143250.0 |
| 007 |
cr nn 008mamaa |
| 008 |
121227s2004 gw | s |||| 0|eng d |
| 020 |
|
|
|a 9783540302063
|9 978-3-540-30206-3
|
| 024 |
7 |
|
|a 10.1007/b100824
|2 doi
|
| 040 |
|
|
|d GrThAP
|
| 050 |
|
4 |
|a QA75.5-76.95
|
| 050 |
|
4 |
|a QA76.63
|
| 072 |
|
7 |
|a UY
|2 bicssc
|
| 072 |
|
7 |
|a COM014000
|2 bisacsh
|
| 072 |
|
7 |
|a UY
|2 thema
|
| 072 |
|
7 |
|a UYA
|2 thema
|
| 082 |
0 |
4 |
|a 004.0151
|2 23
|
| 245 |
1 |
0 |
|a Formal Techniques, Modelling and Analysis of Timed and Fault-Tolerant Systems
|h [electronic resource] :
|b Joint International Conferences on Formal Modeling and Analysis of Timed Systems, FORMATS 2004 and Formal Techniques in Real Time and Fault-Tolerant Systems, FTRTFT 2004, Grenoble, France, September 22-24, 2004, Proceedings /
|c edited by Yassine Lakhnech, Sergio Yovine.
|
| 250 |
|
|
|a 1st ed. 2004.
|
| 264 |
|
1 |
|a Berlin, Heidelberg :
|b Springer Berlin Heidelberg :
|b Imprint: Springer,
|c 2004.
|
| 300 |
|
|
|a X, 402 p.
|b online resource.
|
| 336 |
|
|
|a text
|b txt
|2 rdacontent
|
| 337 |
|
|
|a computer
|b c
|2 rdamedia
|
| 338 |
|
|
|a online resource
|b cr
|2 rdacarrier
|
| 347 |
|
|
|a text file
|b PDF
|2 rda
|
| 490 |
1 |
|
|a Lecture Notes in Computer Science,
|x 0302-9743 ;
|v 3253
|
| 505 |
0 |
|
|a Invited Papers -- From Software to Hardware and Back -- Of Elections and Electrons -- Regular Papers -- Formal Verification of an Avionics Sensor Voter Using SCADE -- Mixed Delay and Threshold Voters in Critical Real-Time Systems -- Towards a Methodological Approach to Specification and Analysis of Dependable Automation Systems -- On Two-Sided Approximate Model-Checking: Problem Formulation and Solution via Finite Topologies -- On Timed Automata with Input-Determined Guards -- Decomposing Verification of Timed I/O Automata -- Symbolic Model Checking for Simply-Timed Systems -- Robustness and Implementability of Timed Automata -- Real-Time Testing with Timed Automata Testers and Coverage Criteria -- Monitoring Temporal Properties of Continuous Signals -- A Unified Fault-Tolerance Protocol -- Automating the Addition of Fail-Safe Fault-Tolerance: Beyond Fusion-Closed Specifications -- Modeling and Verification of a Fault-Tolerant Real-Time Startup Protocol Using Calendar Automata -- Static Fault-Tolerant Real-Time Scheduling with "Pseudo-topological" Orders -- The Influence of Durational Actions on Time Equivalences -- Bounded Model Checking for Region Automata -- Some Progress in Satisfiability Checking for Difference Logic -- Model-Checking for Weighted Timed Automata -- Symbolic Model Checking for Probabilistic Timed Automata -- Structured Modeling of Concurrent Stochastic Hybrid Systems -- Computing Schedules for Multithreaded Real-Time Programs Using Geometry -- Forward Reachability Analysis of Timed Petri Nets -- Lazy Approximation for Dense Real-Time Systems -- Learning of Event-Recording Automata.
|
| 650 |
|
0 |
|a Computers.
|
| 650 |
|
0 |
|a Computer logic.
|
| 650 |
|
0 |
|a Programming languages (Electronic computers).
|
| 650 |
|
0 |
|a Microprocessors.
|
| 650 |
|
0 |
|a Special purpose computers.
|
| 650 |
|
0 |
|a Software engineering.
|
| 650 |
1 |
4 |
|a Theory of Computation.
|0 http://scigraph.springernature.com/things/product-market-codes/I16005
|
| 650 |
2 |
4 |
|a Logics and Meanings of Programs.
|0 http://scigraph.springernature.com/things/product-market-codes/I1603X
|
| 650 |
2 |
4 |
|a Programming Languages, Compilers, Interpreters.
|0 http://scigraph.springernature.com/things/product-market-codes/I14037
|
| 650 |
2 |
4 |
|a Processor Architectures.
|0 http://scigraph.springernature.com/things/product-market-codes/I13014
|
| 650 |
2 |
4 |
|a Special Purpose and Application-Based Systems.
|0 http://scigraph.springernature.com/things/product-market-codes/I13030
|
| 650 |
2 |
4 |
|a Software Engineering.
|0 http://scigraph.springernature.com/things/product-market-codes/I14029
|
| 700 |
1 |
|
|a Lakhnech, Yassine.
|e editor.
|4 edt
|4 http://id.loc.gov/vocabulary/relators/edt
|
| 700 |
1 |
|
|a Yovine, Sergio.
|e editor.
|4 edt
|4 http://id.loc.gov/vocabulary/relators/edt
|
| 710 |
2 |
|
|a SpringerLink (Online service)
|
| 773 |
0 |
|
|t Springer eBooks
|
| 776 |
0 |
8 |
|i Printed edition:
|z 9783662208878
|
| 776 |
0 |
8 |
|i Printed edition:
|z 9783540231677
|
| 830 |
|
0 |
|a Lecture Notes in Computer Science,
|x 0302-9743 ;
|v 3253
|
| 856 |
4 |
0 |
|u https://doi.org/10.1007/b100824
|z Full Text via HEAL-Link
|
| 912 |
|
|
|a ZDB-2-SCS
|
| 912 |
|
|
|a ZDB-2-LNC
|
| 912 |
|
|
|a ZDB-2-BAE
|
| 950 |
|
|
|a Computer Science (Springer-11645)
|